| 000 | 00667nam a2200253 a 4500 | ||
|---|---|---|---|
| 001 | nice12345678 | ||
| 003 | IN_TiNIC | ||
| 005 | 20260116013118.0 | ||
| 008 | 050524s1988 pria grp 000 0 eng | ||
| 020 |
_a0691319 _c882 |
||
| 082 | 0 | 0 |
_a306.40954 _bKUM |
| 100 | _aKumar, Nita | ||
| 245 |
_aArtisans of Banaras _b Popular Culture and Identity, 1880-1986 |
||
| 260 |
_aPrinceton _bPrinceton University Press _c1988 |
||
| 300 | _a279p | ||
| 500 | _aincludes index and biblioraphy | ||
| 505 | 2 | _aIndex | |
| 650 | _aIndia-Social Life and Customs | ||
| 650 | _aVaranasi | ||
| 700 | 1 | _aKumar, Nita | |
| 902 | _bSRS | ||
| 942 | _cBK | ||
| 999 |
_c9704 _d9704 |
||